| 000 | 00666nam a2200205Ia 4500 | ||
|---|---|---|---|
| 003 | GCL | ||
| 008 | 140319s9999 xx 000 0 ara d | ||
| 040 |
_aGCL / _cGCL |
||
| 082 | 0 | 4 |
_a792.01 _bب د |
| 100 | 1 | _aبريشت، بروتولد | |
| 245 | 1 | 0 |
_aدرامية التغيير / _cبريشت، بروتولد |
| 250 | _aالاولى | ||
| 260 |
_aسوريا : _bدار كنعان للدراسات والنشر ، _c2004 |
||
| 300 |
_a259 ص ؛ _c20 سم |
||
| 650 | 0 | 4 | _aالمسرحيات الامريكية |
| 650 | 0 | 4 | _aالمسرح الملحمى |
| 650 | 0 | 4 | _aالمسرح - تاريخ |
| 650 | 0 | 4 | _aالدراما المسرحية |
| 942 |
_2ddc _cBK |
||
| 999 |
_c7381 _d7381 |
||